Historical figures by picture - O - Statistics

General Stats
  • This quiz has been taken 497 times
  • The average score is 5 of 10
Answer Stats
Picture Hint Answer % Correct
1913-1980 Owens
75%
1929-1994 en 1906-1975 Onassis
70%
1939-1963 Oswald
67%
1903-1950 Orwell
61%
1832-1891 Otto
58%
1904-1967 Oppenheimer
55%
1932-2013 O'Toole
47%
1789-1854 Ohm
31%
1254?-1323/23? Osman I
25%
43BCE-17/18 Ovid
15%
No matching quizzes found
Score Distribution
Percent of People with Each Score
Percentile by Number Answered
Your Score History
You have not taken this quiz